Les meilleurs passeurs décisifs en 2025 (Football) - Statistiques

Statistiques générales
  • Ce quiz a été pris 103 fois
  • Le résultat moyen est 7 sur 10
Statistiques - réponses
Classement Club Nombre de passes décisives Joueurs % Correct
1 Bayern Munich 24 passes décisives Michael Olise
99%
3 FC Barcelone 23 passes décisives Lamine Yamal
98%
8 Real Madrid 16 passes décisives Vinicius Jr
96%
4 Paris Saint-Germain 21 passes décisives Bradley Barcola
92%
6 FC Barcelone 18 passes décisives Raphinha
85%
2 Manchester City 23 passes décisives Rayan Cherki
76%
5 Bayern Munich 19 passes décisives Joshua Kimmich
69%
7 Real Madrid 17 passes décisives Arda Guler
52%
10 Real Sociedad 15 passes décisives Mikel Oyarzabal
52%
9 FC Barcelone 15 passes décisives Marcus Rashford
26%
Aucun quiz correspondant
Distribution des résultats
% des personnes avec chaque résultat
Percentile par nombre de réponses
Votre historique - résultats
Vous n’avez pas pris ce quiz